| 000 | 00602nam a2200121Ia 4500 | ||
|---|---|---|---|
| 008 | 220615s9999||||xx |||||||||||||| ||und|| | ||
| 100 | _aKarar, Eiman | ||
| 245 | 0 | _aFreshwater Governance for the 21st Century | |
| 546 | _aEnglish[eng] | ||
| 650 | _awater policy||water governance||water management||environmental law||environmental sciences||international relations | ||
| 856 | _uhttps://library.oapen.org/bitstream/20.500.12657/28098/1/1001896.pdf||https://library.oapen.org/bitstream/20.500.12657/28098/1/1001896.pdf||https://library.oapen.org/bitstream/20.500.12657/28098/1/1001896.pdf | ||
| 942 | _cEB | ||
| 999 |
_c18304 _d18304 |
||